000 01493cam a22002535a 4500
001 L144331
008 080710s2008 xxk f 000 0 eng d
035 _a(Sirsi) u144331
041 0 _aeng
050 0 4 _a333.332 $2 18
110 2 _aRoyal Institution of Chartered Surveyors
_94900
245 0 0 _aRICS residential mortgage valuation specification
260 _aCoventry
_bRICS
_c2008
300 _a14p.
_c30cm.
505 2 _aThe valuer's role -- The terms of engagement -- The valuer's inspection -- The valuation -- The report -- Re-inspections -- Further advances -- Buy to let -- External appraisals
520 _aThis specification applies to the valuation of residential property for mortgage purposes on behalf of building societies, banks and other lenders, unless varied by the lender's standard terms of engagement and standard report form. Covers the valuer's role, the terms of engagement, the valuer's inspection, the valuation, the report, re-inspections, further advances, buy to let and external appraisals. Specification will only be applicable until 1 September 2008, when it will be released in a revised form to coincide with the September 2008 Red Book amendment.
520 _aSupersedes 2004 edition (J125422).
520 _aTaken from RICS valuations standards January 2008, UK appendix 3.2.
521 _aAdvanced
650 2 4 _aRICS VALUATION STANDARDS
651 4 _aUnited Kingdom
_y
690 _aPROPERTY-PROPERTY APPRAISAL AND VALUATION
942 _n0
999 _c108459
_d108459